| 000 | 00944nam a2200253Ia 4500 | ||
|---|---|---|---|
| 003 | OSt | ||
| 005 | 20221005111837.0 | ||
| 006 | a|||||r|||| 00| 0 | ||
| 007 | ta | ||
| 008 | 221004b |||||||| |||| 00| 0 hin d | ||
| 024 | _a7438 | ||
| 037 |
_bGift, 23/10/2013, _cTextual |
||
| 040 |
_aCRL _cCRL _bhin |
||
| 041 |
_2hin _ahin |
||
| 082 | _aQ29M28wM50, 152Q0;Q2 | ||
| 100 | _aभल्ला, यशपाल | ||
| 245 | 0 | _aपरमपूजनीय भगवान देवात्मा का आद्वितीय देन | |
| 246 | _aParamapūjanīya bhagavān devātmā kā ādvitīya dena | ||
| 260 |
_aलुध्यिाना _bइमेज प्रिंट आटर््स भारत _c2012 |
||
| 300 |
_a457पृ0 _ccm. |
||
| 650 | _aधर्म | ||
| 942 |
_hQ29M28wM50, 152Q0;Q2 _cTEXL _2cc |
||
| 999 |
_c1023072 _d1023072 |
||